Loading...
| Philosophy | 0 | 3 | 0 | 0 | 30 | 113 | 125.67 | 0 | 0 |
| Science - Other Science | 0 | 3 | 0 | 0 | 30 | 97 | 117.33 | 0 | 0 |
| Religion | 0 | 3 | 1 | 0 | 25 | 83 | 102.00 | 0 | 0 |
| Painting & Sculpture | 0 | 4 | 3 | 0 | 25 | 85 | 101.75 | 0 | 1 |
| History - World History | 0 | 2 | 0 | 0 | 20 | 89 | 95.50 | 0 | 0 |
| Science - Biology | 0 | 1 | 0 | 0 | 10 | 104 | 104.00 | 0 | 0 |
| Geography | 0 | 1 | 0 | 0 | 10 | 83 | 83.00 | 0 | 0 |
| Current Events | 0 | 1 | 1 | 0 | 5 | 122 | 122.00 | 0 | 0 |
| Social Science | 0 | 1 | 1 | 0 | 5 | 99 | 99.00 | 0 | 1 |
| Fine Arts - Other Fine Arts | 0 | 0 | 0 | 0 | 0 | 0.00 | 0 | 0 | |
| Literature - European Literature | 0 | 0 | 1 | 0 | -5 | 0.00 | 0 | 0 | |
| History - European History | 0 | 0 | 1 | 0 | -5 | 0.00 | 0 | 0 | |
| Literature - World Literature | 0 | 0 | 2 | 0 | -10 | 0.00 | 0 | 0 |